000 00604nam a22002057a 4500
003 OSt
005 20140310183110.0
008 130322t xxu||||| |||| 00| 0 eng d
020 _a9789712359323
050 _aKPM 658
_b.M263 2011
082 _aFIL 336.2
_b.M263 2011
245 _aReviewer on property ownership and taxation
_cMamalateo, Victorino C. , Mamalateo-Jusay, Mary Joy B., Mamalateo, Michael B.
260 _aManila
_bRex Book Store
_cc2011
300 _a321 p.
_c23 cm.
521 _aCollege
526 _c1210L-1700L
541 _j1
562 _e1
942 _2lcc
_cBK
_kFIL
999 _c18840
_d18840